000 00390nam a22001697a 4500
005 20160517144201.0
008 160517b xxu||||| |||| 00| 0 eng d
020 _a81-203-1426-3
041 _aeng
082 _b2524
100 _aStephen P. Robbins
_9697
245 _aOrganization Theory
260 _aNew Delhi
_bPHI,
_c2001
300 _a534
650 _aManagement
_9241
942 _cBK
999 _c922
_d922